A new approach to english. book 3... /

Guardado en:
Formato: Libro
Publicado: Buenos Aires : Kapelusz, 1969
Edición:2a. ed.
Materias:
Etiquetas: Agregar Etiqueta
Sin Etiquetas, Sea el primero en etiquetar este registro!
LEADER 00425nam a22001575a 4500
001 CEM.cems000045
005 20060209000000.0
008 130507s1969##################000#0#####d
003 CEMS
082 0 4 |a 428.64 
245 0 0 |a A new approach to english. book 3... / 
250 |a 2a. ed. 
260 |a Buenos Aires :  |b Kapelusz,  |c 1969 
300 |a 112 
653 |a Ingles 
859 |a CEMS  |b BIB. CEMS - 11 de abril  |h 428.64  |i N42a2/III  |p 2822.74  |t Ej.1